00359nam a2200145Ia 4500008004100000020001500041041001200056082001100068100002000079245005700099250000800156260002500164300000800189650001600197221030s9999 xx 000 0 und d a8120329133 aEnglish a105.23 aA. S. Tanenbaum 0aStructured Computer Organizationcby A. S. Tanenbaum a5th bPHIaNew Delhic2010 a777 aBE Computer